Differential sensitivities of physiologic races of microcyclus ulei to fungicides (Record no. 57188)
[ view plain ]
| 000 -LEADER | |
|---|---|
| fixed length control field | 00983nam a2200157Ia 4500 |
| 100 ## - MAIN ENTRY--AUTHOR NAME | |
| Personal name | Kai-Ming Zhang |
| 245 #0 - TITLE STATEMENT | |
| Title | Differential sensitivities of physiologic races of microcyclus ulei to fungicides |
| 260 ## - PUBLICATION, DISTRIBUTION, ETC. (IMPRINT) | |
| Name of publisher | Journal of Natural Rubber Research |
| Year of publication | 1986 |
| 300 ## - PHYSICAL DESCRIPTION | |
| Number of Pages | 25-29 |
| 520 ## - SUMMARY, ETC. | |
| Summary, etc | Benomyl, thiophanate methyl, chlorothalonil, and mancozeb were tested against Races 4, 6, 7 and 8 of Microcyclus ulei for inhibition of conidial germination, leaf disc infection, and field disease control. Races 6 and 8 were less sensitive to benomyl and thiophanate methyl than Races 4 and 7. Spraying benomyl (25 mg and 50 mg per litre) in the nursery gave satisfactory control of South American leaf blight on clones FX 2261 and FX 985 infected by Races 4 and 7 respectively, but not FX 3864 and FX 2804 infected by Races 6 and 8 respectively. |
| 650 ## - SUBJECT ADDED ENTRY--TOPICAL TERM | |
| Topical Term | Fungicides |
| 650 ## - SUBJECT ADDED ENTRY--TOPICAL TERM | |
| Topical Term | Microcyclus ulei |
| 700 ## - ADDED ENTRY--PERSONAL NAME | |
| Personal name | Chee K H |
| 942 ## - ADDED ENTRY ELEMENTS (KOHA) | |
| Koha item type | Journals |
| Withdrawn status | Lost status | Damaged status | Not for loan | Home library | Current library | Shelving location | Date acquired | Serial Enumeration / chronology | Koha item type |
|---|---|---|---|---|---|---|---|---|---|
| Journals | RRII Library | RRII Library | Pathology | 17/12/2021 | Volume 1, Issue 1 | Journals |